Englisch Vokabeln 1# - Statistiken

Allgemein
  • Dieses Quiz wurde 419 mal gespielt
  • Das Durchschnittsergebnis liegt bei 12 aus 25
Antwortstatistiken
Deutsch Englisch % Korrekt
besser better
89%
die Verabredungdas Date date
86%
der Krieg war
78%
heute Nacht heute Abend tonight
75%
lauter/älter als louder/older than
70%
beliebt, populär (bei) popular
68%
der Liedtext lyrics
65%
irgendwo(hin) somewhere
65%
schlechter; schmlimmer worse
65%
der Charakter; die Figur (aus einer Geschichte) character
58%
so gut wie … as good as
56%
der Raum, der Platz; der Weltraum space
56%
der/die Außeridische;außerirdisch alien
54%
der Kalender calendar
54%
der/die/das schlechteste,
schlimmste; am schlechtesten,
am schlimmsten
worst
47%
klassich classical
38%
die Zeitschrift magazin
36%
akustisch acoustic
34%
stattfinden take place
27%
der/die/das letzte the last one
25%
energiegeladen energetic
23%
die Sciencefic science fiction
19%
die (Aus-) Wirkung (auf), der Einfluss (auf): der Effekt effect(on)
3%
werten, beurteilen (to) rate something
1%
Arzt, die Ärztin doctor(DR)
0%
Keine übereinstimmenden Quizze gefunden
Verteilung der Resultate
Anzahl Personen mit jedem Resultat
Perzentil nach korrekt beantworteten Fragen
Ihre Resultats-Entwicklung
Sie haben dieses Quiz noch nicht gespielt